| 000 | 00821cab a2200241 4500 | ||
|---|---|---|---|
| 001 | WB3521-14 | ||
| 008 | 090401t1999 xxu||||| |||| 00| 0 eng d | ||
| 035 | _a(Sirsi) u93780 | ||
| 041 | _aeng | ||
| 245 | _aForestry standard | ||
| 260 | _c1999 | ||
| 350 | _a0 | ||
| 490 |
_aFinancial Times _v4 June 1999, 13 |
||
| 490 |
_aDaily Telegraph _v4 June 1999, 8(1) |
||
| 520 | _aThe government, the forestry industry and conservationists have established a national standard of forestry management. The UK Woodland Assurance Scheme will ensure that up to 75% of British timber is carrying an eco-label. | ||
| 650 | _aECO-LABELS | ||
| 650 | _aFORESTRY MANAGEMENT | ||
| 650 | _aTIMBER | ||
| 650 | _aUK WOODLAND ASSURANCE SCHEME | ||
| 690 | _aENVIRONMENTAL AND LAND CONSULTANCY | ||
| 942 | _n0 | ||
| 948 | _c04/06/1999 | ||
| 999 |
_c59441 _d59441 |
||